| 000 | 00503nam#a2200205#c#4500 | ||
|---|---|---|---|
| 003 | IEF | ||
| 005 | 20180219154513.0 | ||
| 008 | 941205s1978 uuu####fr####| 0||u| |u | ||
| 040 | _aIEF | ||
| 100 | 1 |
_aGonzález Anton, Luis _919124 |
|
| 245 | _aLas Cortes de Aragon | ||
| 260 |
_aZaragoza _b Librería General _c1978 |
||
| 300 |
_a206 p. _c 20 cm. |
||
| 500 | _aBibliografía | ||
| 650 | 4 |
_aCORTES DE ARAGON _941335 |
|
| 650 | 4 |
_aHISTORIA _945399 |
|
| 942 | _cLIB | ||
| 942 | _z24556 | ||
| 999 |
_c41028 _d41028 |
||